[Event "Linares 17th"]
[Site "Linares"]
[Date "2000.03.03"]
[Round "4"]
[White "Shirov, Alexei"]
[Black "Khalifman, Alexander"]
[Result "1/2-1/2"]
[WhiteElo "2751"]
[BlackElo "2656"]
[Annotator "Psakhis,L"]
[PlyCount "40"]
[EventDate "2000.02.28"]
[EventType "tourn"]
[EventRounds "10"]
[EventCountry "ESP"]
[EventCategory "21"]
[SourceTitle "CBM 076"]
[Source "ChessBase"]
[SourceDate "2000.05.31"]
[SourceVersion "1"]
[SourceVersionDate "2000.05.31"]
[SourceQuality "1"]

1. e4 e6 {Khalifman choose French defence as a main weapon against 1.e4 and
with not so bad results-he played French 4 times against strongest players in
the world and made three draws and lost one.} 2. d4 d5 3. e5 {All other
opponents of Alexander choose most dangerous move for Black , according to my
opinion, 3.Nc3} c5 4. c3 Qb6 5. Nf3 Nc6 6. a3 Nh6 {Fashionabal line. Deserves
attention and 6.... c4, but this is already another story} 7. b4 cxd4 8. cxd4 (
8. Bxh6 $5 gxh6 9. cxd4 {leads to interesting game, but Black doing more or
less Ok after} Bd7 10. Be2 Rc8 11. O-O Ne7 12. Bd3 Bg7 13. Qd2 Qc7 14. a4 a6
$13 {1-0 Motylev,A-San Segundo Carrillo,P/Ubeda op 2000 (37)}) 8... Nf5 9. Bb2
Be7 10. Bd3 ({Modest} 10. Be2 {is not too dangerous for Black -} Bd7 11. O-O
Rc8 12. Qd3 Na5 13. g4 Nh6 14. h3 Nc4 15. Bc1 a5 16. bxa5 Qxa5 17. Bd2 Nxd2 18.
Nbxd2 O-O 19. Nb3 Qa7 20. Nfd2 Rc7 21. f4 Rfc8 $15 {[%cal Gc7c3] Afek,
Y-Zielinska,M, Wijk aan Zee op, 1999}) 10... a5 $1 {Principal move, but it is
not clear if White can pretend for advantage after} (10... Bd7 11. Bxf5 exf5
12. O-O a5 $1 {for example} 13. Nc3 Be6 14. b5 a4 $1 15. bxc6 Qxb2 16. Qd3 Qb6
17. cxb7 Qxb7 18. Rfb1 Qd7 19. Rb5 O-O 20. Rab1 Rfc8 $15 {[%csl Ra3,Gc8] 0-1
Xia Yanchong-Nikulin,A/Winnipeg Oliver mem 2000/Ajelibre (26)}) 11. Bxf5 (11.
b5 $2 Ncxd4 12. Nxd4 Nxd4 13. O-O a4 14. Nc3 Bd7 15. Nxa4 Qa5 16. Bxd4 Qxa4 17.
Qxa4 Rxa4 18. Bb6 f6 $36 {0-1 Leissner,J-Jankovskis,G/Koln 1993 (29)}) 11...
exf5 12. Nc3 Be6 13. b5 a4 14. bxc6 $146 {[%mdl 8] Novelty.Black equalized
easily after " normal" moves as} (14. O-O Na5 (14... Nb8 15. Bc1 Nd7 16. Rb1
O-O 17. Nxa4 Qa5 18. Nc5 Nxc5 19. dxc5 Bxc5 20. Qd3 d4 $1 $15 {0-1 Campora,
D-Dokhoian,Y/Wijk-B 1989 (26)}) 15. Bc1 Nc4 16. Nxa4 Qxb5 17. Nc3 Qc6 18. Rb1
Bxa3 19. Bxa3 Nxa3 20. Rb3 O-O 21. Qd3 Nc4 22. h3 Rfc8 $15 {Vasiukov,
E-Moskalenko,V/Belgorod 1990/1/2-1/2 (61)}) ({or} 14. Rb1 Na5 15. Nxa4 Qxb5 16.
Bc3 Qc6 17. Bb4 Nc4 18. Nc5 Nxa3 19. Rb3 Nc4 20. O-O b6 21. Nxe6 fxe6 22. Ng5
Bxb4 23. Rxb4 O-O $17 {0-1 Mitkovski,Z-Riemelmoser,O/Graz op-A 1997 (42), but,
unfortunately, for white, this move doesn't changed estimation of position as
nice for aBlack.}) 14... Qxb2 15. O-O (15. Nxa4 $5 {Was a interesting option.
Black had to play very carefully in this case -} Rxa4 16. cxb7 Qc3+ $1 (16...
O-O 17. O-O {[%cal Ra1b1,Rd1a4]}) (16... Bb4+ 17. axb4 Qxb4+ 18. Nd2 Rxa1 19.
Qxa1 Qxb7 20. Qa3 $1 $36 {[%csl Re8]}) 17. Nd2 (17. Ke2 $4 Qc4+ $19) 17... O-O
18. Rb1 {[%cal Rd1a4,Rb7b8]} Bb4 $1 19. Rxb4 (19. axb4 Ra2 {[%csl Re1]}) 19...
Rxb4 20. axb4 Qxd4 21. O-O Rb8 $11 {with equal chances}) 15... bxc6 $1 ({
It was possible and except sacrifice -} 15... Qxc3 16. cxb7 Rb8 17. Qxa4+ Bd7
18. Qa7 O-O $1 (18... Qc7 19. e6 $1 (19. Rfc1) (19. Rab1 Bc6 $19) 19... fxe6
20. Rab1 Bf6 (20... Bc6 21. Ne5 O-O $1 (21... Rxb7 22. Qa8+ Qd8 (22... Bd8 23.
Nxc6) 23. Qa6 $1 $16) 22. Nxc6 (22. Qa6 Bxb7 23. Qxe6+ Kh8) 22... Qxc6 23. a4
Bd6 24. a5 {[%csl Ga5,Gb7] and white pawns are very dangerous and I just don't
see how Black can stop them.}) 21. Rfc1 Qd6 22. a4 {again with many problems
for Black}) 19. Rfc1 Qb2 20. Rab1 Qa2 $1 (20... Qxa3 21. Qxa3 Bxa3 22. Rc3 $1
Be7 23. Rc7 Rfd8 24. e6 $1 fxe6 25. Ne5 $18 {[%csl Gb7,Gc7,Ge5]}) 21. Ra1 Qb2
$11) 16. Nxa4 Qb5 17. Nc3 Qc4 {Khalifman can be satisfied with the results of
sharp opening fight - two bishops promise to Black at least equal chances} 18.
Ne2 O-O (18... Rxa3 19. Nf4 Ra6 $1 $13 (19... Bd7 $2 20. e6 $1 Bxe6 21. Rxa3
Bxa3 22. Nxe6 fxe6 23. Ne5 $18)) 19. Rc1 Qa6 20. Rc3 Rfc8 $13 {[%cal Gc6c5]}
1/2-1/2

[Event "Linares 17th"]
[Site "Linares"]
[Date "2000.03.05"]
[Round "6"]
[White "Kramnik, Vladimir"]
[Black "Khalifman, Alexander"]
[Result "1/2-1/2"]
[WhiteElo "2758"]
[BlackElo "2656"]
[Annotator "Donev,I"]
[PlyCount "97"]
[EventDate "2000.02.28"]
[EventType "tourn"]
[EventRounds "10"]
[EventCountry "ESP"]
[EventCategory "21"]
[SourceTitle "CBM 076"]
[Source "ChessBase"]
[SourceDate "2000.05.31"]
[SourceVersion "1"]
[SourceVersionDate "2000.05.31"]
[SourceQuality "1"]

1. Nf3 Nf6 2. c4 e6 3. d4 d5 4. Nc3 Be7 5. Bg5 h6 6. Bh4 O-O 7. e3 b6 8. Be2
Bb7 9. Bxf6 Bxf6 10. cxd5 exd5 11. O-O c5 12. dxc5 Bxc3 13. bxc3 bxc5 14. Rb1
Qc7 15. Ne5 (15. Qb3 Bc6 16. Qa3 Nd7 17. Rb3 Rab8 18. Rfb1 $14) 15... Nd7 $146
(15... Re8 $142 $5 16. Nd3 Nd7 17. Qa4 Re4 18. Qa3 Bc6 19. Nf4 Ra4 20. Qb3 Rb8
21. Qc2 {1/2-1/2 Timman,J-Vaganian,R/Riga 1995/CBM 47 (21)}) 16. Nxd7 Qxd7 17.
Qb3 Bc6 18. Qa3 {[%cal Ya3c5,Ya3a7]} Qe7 19. Bf3 $1 $14 {Der Springerabtausch(
Nf3-Ne5-Nd7) war für den Anziehenden günstiger, weil im Endspiel die Schwäche
der c5+d5 Bauern spürbarer wird und das Feld f3 wurde für den weißen Läufer
geräumt. Der Plan des Anziehenden ist leicht zu erkennen. Alle Kräfte gegen
des Bauer d5 zu konzentrieren und im günstigen Moment c3-c4 durchzuführen.}
Rfd8 20. Rfd1 Rac8 21. h3 Kf8 22. Rd2 {Weiß droht Rbd1 nebst c3-c4!} d4 $1 {
[%mdl 4356] Statt sich passiv zu verteidigen, vertraut Khalifman auf seine
Endspieltechnik. Er opfert einen Bauern, aber er bekommt aktives Gegenspiel
und im Turmendspiel gute Remismöglichkeiten.} 23. Bxc6 Rxc6 24. cxd4 cxd4 25.
Qxe7+ Kxe7 26. Rb7+ Kf8 27. exd4 Rc4 28. Re2 (28. d5 Rc5 29. d6 Rc6 30. d7 a6
$1 $11 {nebst Ke7 fällt der weiße Freibauer bald.}) 28... Rcxd4 29. Rxa7 Rd1+
30. Kh2 R1d2 31. Rxd2 Rxd2 32. Kg3 g5 33. Kf3 Kg7 34. Ke3 Rb2 35. g4 Kg6 36.
Ra6+ f6 37. f4 gxf4+ 38. Kxf4 h5 {Je mehr Bauern abgetauscht sind, um so
leichter wird die schwarze Aufgabe, das Remis zu erreichen.} 39. a3 hxg4 40.
hxg4 {Damit steht eine theoretische Remisstellung auf dem Brett.} Rf2+ 41. Ke3
Ra2 42. Ra5 Ra1 43. a4 Re1+ 44. Kf3 Rf1+ 45. Kg3 Rg1+ 46. Kh3 Rh1+ 47. Kg2 Ra1
48. Kf2 Ra3 49. Kg2 1/2-1/2

[Event "Linares 17th"]
[Site "Linares"]
[Date "2000.03.07"]
[Round "7"]
[White "Kasparov, Garry"]
[Black "Khalifman, Alexander"]
[Result "1/2-1/2"]
[WhiteElo "2851"]
[BlackElo "2656"]
[Annotator "Psakhis,L"]
[PlyCount "110"]
[EventDate "2000.02.28"]
[EventType "tourn"]
[EventRounds "10"]
[EventCountry "ESP"]
[EventCategory "21"]
[SourceTitle "CBM 076"]
[Source "ChessBase"]
[SourceDate "2000.05.31"]
[SourceVersion "1"]
[SourceVersionDate "2000.05.31"]
[SourceQuality "1"]

1. e4 e6 2. d4 d5 3. Nc3 Bb4 4. e5 c5 5. a3 Ba5 6. Bd2 Nc6 ({In the case of} 
6... cxd4 7. Nb5 Bc7 8. f4 Nc6 9. Nf3 Nge7 10. Bd3 {white's chances are better,
for instance} h6 11. Nbxd4 O-O 12. c3 f6 13. Qe2 fxe5 14. fxe5 Nxd4 15. cxd4
Nc6 16. O-O Bb6 17. Be3 $16 {1-0 Guid,M-Zhao Zong Yuan/Wch B20 Yerevan 1999 
(25)}) 7. Qg4 $5 $146 {[%mdl 8] Kasparov prepared to this game interesting and
very dangerous novelty.} (7. Nb5 Nxd4 $5 (7... Bxd2+ 8. Qxd2 Nxd4 9. Nxd4 cxd4
10. Nf3 Ne7 11. Nxd4 O-O 12. O-O-O Nc6 13. f4 f6 14. exf6 Qxf6 15. g3 Kh8 16.
Bb5 $14 {1-0 Davies,N-Karlsson,L/Oslo 1988 (42)}) 8. Nxd4 cxd4 9. Bb5+ Bd7 10.
Bxd7+ Kxd7 11. Nf3 Bb6 12. O-O Ne7 13. a4 a6 14. Ra3 h6 15. Rd3 Nc6 16. b4 Qc7
$15 {0-1 Herb,P-Hug,W/SWZ t-ch 1997 (31)}) (7. dxc5 Nxe5 8. Nb5 Bc7 $1 9. Bc3
$6 (9. Nxc7+ Qxc7 10. Bf4 Nd3+ 11. Bxd3 Qxf4 12. Ne2 $11) 9... Nf6 10. Nf3 Ned7
$1 $15 {Zlotnik,B-Legky,N/USSR i45 1988 (10)}) 7... Kf8 {It is difficult to
find another reasonable answer.} 8. dxc5 $1 Nxe5 9. Qg3 Ng6 10. O-O-O ({
Deserves attention} 10. Bd3 $5 Bc7 11. f4 Nf6 12. Nge2 Bd7 13. h3 Bc6 14. Qf2
b6 15. Nd4 Ne7 16. Nxc6 Nxc6 17. Nb5 Nd7 18. Be3 $36 {Mitkov,N-Zaja,I/Pula zt
2000/0-1 (57) with very promising position for white.}) 10... Nf6 11. f3 Bd7
12. Nge2 Bc7 ({Khalifman could try and} 12... Rc8 {but after} 13. Nd4 $1 Rxc5
14. b4 Bc7 15. Qf2 Rxc3 16. Bxc3 $14 {I am not sure that Black has enough
compensation for exchange.}) 13. Qf2 b6 $1 14. Be3 Ne7 {[%cal Ge7f5]} 15. g4
bxc5 16. Bxc5 Bb6 17. h4 Bxc5 18. Qxc5 Qb6 19. Qxb6 axb6 {[%mdl 4096] With
good and accurate defence Khalifman managed almost equalized game, but just
almost. White still keep some preasure on the black position} 20. Bh3 Ne8 ({
Maybe} 20... h6 $5 $14 {was better and after possible continuation} 21. f4 h5
$5 22. g5 Ng4 23. Bxg4 hxg4 24. h5 Nf5 25. Nd4 Nxd4 26. Rxd4 g3 $11 {Black has
equal chances}) 21. f4 h5 $6 (21... Nd6 $5) 22. g5 g6 {As usual it is not very
good strategy to put pawns on the bishop colour, but world champion has right
for another opinion.} 23. Nd4 Kg7 24. Nf3 Nc7 (24... Nc6 $2 25. Nxd5 $18) 25.
Ne5 Rhd8 26. Ne2 $1 {[%cal Ge2d4] Kasparov methodically increase preassure} Nc6
27. Nd4 Nxd4 28. Rxd4 Be8 29. Rhd1 $6 ({According to Kasparov} 29. Bf1 $142 $1
$16 {[%cal Gh1h3,Gh3b3] leads to big white's advantage.}) 29... Rdc8 30. Bf1
Kf8 31. Rb4 (31. Re1 $5 {[%cal Ge1e3] Was the last chance to get something real
}) 31... b5 32. Rbd4 Na6 33. Bd3 Nc5 34. Kd2 Nb7 $1 35. Ra1 Ra7 36. Re1 Nd6 $11
{[%csl Gd6] Now all black's pawns are protected and it is difficult ( or even
impossible) to find how White can improve his position.} 37. c3 Nc4+ 38. Kc1 (
38. Bxc4 bxc4 {[%csl Rb2][%cal Ga7b7,Gc8b8]}) 38... Na5 39. Bc2 Nc6 40. Nxc6
Bxc6 41. Kd2 Bd7 42. Rb4 Rca8 43. Bd3 Ra5 44. Re3 Bc6 45. Rd4 Bd7 46. Rb4 Bc6
47. Bc2 Bd7 48. Bb3 Bc6 49. Rd4 R5a7 50. Bc2 Bd7 51. Bd1 Bc6 52. Bf3 Ra4 53.
Bd1 R4a7 54. Bb3 Ra5 55. Re5 Rd8 1/2-1/2

[Event "Linares 17th"]
[Site "Linares"]
[Date "2000.03.09"]
[Round "9"]
[White "Anand, Viswanathan"]
[Black "Khalifman, Alexander"]
[Result "1-0"]
[WhiteElo "2769"]
[BlackElo "2656"]
[Annotator "Psakhis,L"]
[PlyCount "83"]
[EventDate "2000.02.28"]
[EventType "tourn"]
[EventRounds "10"]
[EventCountry "ESP"]
[EventCategory "21"]
[SourceTitle "CBM 076"]
[Source "ChessBase"]
[SourceDate "2000.05.31"]
[SourceVersion "1"]
[SourceVersionDate "2000.05.31"]
[SourceQuality "1"]

1. e4 {Ftacnik} e6 2. d4 d5 3. Nc3 Bb4 4. e5 c5 5. a3 Ba5 6. b4 {Third time
Alexander Khalifman playes 5.. Ba5 and third time his opponents choose
different lines.} (6. Qg4) (6. Bd2) 6... cxd4 7. Qg4 Ne7 8. bxa5 dxc3 9. Qxg7
Rg8 10. Qxh7 Nbc6 11. f4 ({In modern practice as usual white played} 11. Nf3 $5
{nad after for example} Qc7 12. Bf4 Bd7 13. Bd3 O-O-O 14. Bg3 Qxa5 15. O-O Qc5
16. Qh4 Rg7 17. Rfb1 a6 {1-0 Lutz,C-Mueller,K/GER-ch Altenkirchen 1999/CBM 74 
(30) game is absolutely unclear.}) 11... Qxa5 ({Deserves attention} 11... Bd7
12. Rb1 Qc7 {with possible continuation} 13. Ne2 O-O-O 14. Qd3 d4 15. Ng3 Ng6
16. Be2 Nh4 17. O-O Ne7 18. Qxd4 Bb5 19. Qf2 Bxe2 20. Qxe2 Nef5 21. Nxf5 Rxg2+
22. Qxg2 Nxg2 23. Nd6+ Rxd6 24. exd6 Qc6 $36 {0-1 Sulskis,S-Ivanov,T/Pardubice
op 1996 (45)}) 12. Nf3 Bd7 13. Rb1 (13. Ng5 {allows dangerous exchange
sacrifice} Rxg5 $1 (13... Rf8 $143 14. Rb1 O-O-O 15. Nxf7 Rxf7 16. Qxf7 Be8 17.
Qxe6+ Bd7 18. Qf6 Bf5 19. e6 d4 20. Bd3 Bxd3 21. cxd3 Qa4 22. O-O Qc2 $1 23.
Rb5 b6 24. Rh5 Qxd3 25. Rh8 Qc2 26. Rxd8+ Kxd8 27. f5 $18 {1-0 Ernst,
T-Gunnarson,A/Reykjavik op 1994 (34)}) 14. fxg5 O-O-O 15. Qxf7 Nf5 16. Bf4 Qa4
$40 {0-1 Martin Gonzalez,A-Comas Fabrego,L/Bilbao ch-ES 1993 (23)}) 13... O-O-O
14. Qd3 Nf5 (14... d4 $5 15. Rb5 (15. g3 $142 {[%cal Gf1g2]}) 15... Qc7 16. a4
a6 17. Rb1 Qa5 18. Qc4 Qd5 19. Qxa6 Nb4 20. Qe2 Nec6 21. Kf2 Qa2 22. Rxb4 Nxb4
23. Nxd4 Bxa4 $36 {1/2-1/2 Arakhamia,K-Kindermann,S/Wien 1996/Inf 66/ (58)})
15. Rg1 ({Surely not} 15. Rb5 $2 Qa4 16. Qxc3 Rxg2 $1 17. Bxg2 Qxb5 {with big
advantage of Black} 18. Bh3 d4 19. Qd3 Qc5 20. Bxf5 exf5 21. h4 Ne7 $19 {
0-1 Rudolf,H-Vaganian,R/GER-Cup 2000 (26)}) 15... d4 16. g4 $1 $146 {[%mdl 8]
Natural and strong move} (16. Qb5 Qc7 17. Qd3 f6 18. exf6 e5 19. Be2 exf4 20.
Qe4 Rg4 21. f7 Rf8 {Kolar,S-Toefferl,H/Bled op 1992/0-1 (43)}) 16... Nfe7 17.
Rg3 Be8 18. h4 {[%csl Gh4][%cal Gh4h8]} Nf5 (18... f6 {Ftacnik} 19. exf6 Bg6
20. fxe7 $1 Bxd3 21. exd8=Q+ Qxd8 22. Bxd3 $18) (18... Nd5 {Ftacnik} 19. Ng5
$16) 19. Rg1 (19. Rg2 $5) 19... Ne3 20. Bxe3 dxe3 21. Qxe3 Ne7 $5 {Black is
very active, but I am not sure that this activity fully compensate pawn
deficit.} (21... Qxa3 22. Rb3 Qa1+ 23. Kf2 $16) 22. Bc4 $1 Bc6 {'?!' Ftacnik.
Ftacnik: 'Getting enough compensation is not easy for black, now even c3 pawn
will go for free.'} (22... Kb8 $5 {Ftacnik} 23. Rb3 Rc8 24. Bd3 $16) 23. Rb3
Kb8 24. Qxc3 Qc7 (24... Qc5 25. Be2 Qxc3+ 26. Rxc3 Nd5 27. Rc4 Ne3 28. Rc5 Nxg4
29. Ng5 $18 {doesn't promise Black too many chances tor survival}) 25. Be2 (25.
h5 Ba4 $1 {[%cal Ge7d5]}) 25... Nd5 26. Qc4 (26. Qd4 $5) 26... Qa5+ 27. Kf2 Ba4
({Maybe} 27... Rc8 $5 {[%cal Gc8c2] was slightly stronger}) 28. Rb2 Rc8 29. Qd4
Rc3 ({In the case of} 29... Rxc2 30. Rxc2 Bxc2 31. h5 {[%csl Gh5] it is
difficult to believe that it will be possible to stop strong white's pawns on
the king's side.}) 30. Bd3 Rgc8 31. Rc1 (31. h5 Bxc2 32. Rxc2 Rxc2+ 33. Bxc2
Rxc2+ {Also looks very nice for white.} 34. Kg3 $16) 31... Rd8 32. Rcb1 Bc6 33.
Rb3 (33. Nd2 $5) 33... Rxb3 34. Rxb3 Nf6 {At least wins one pawn back} 35. Qb4
Nxg4+ {'?' Ftacnik. Ftacnik: 'The correct idea could have been executed much
better, white will show great cunning in the defense.'} (35... Qd5 $1 {Ftacnik}
36. Be2 $1 (36. Bh7 $2 Qd1 $1 (36... Nxg4+ $2 37. Kg3 $1) 37. exf6 Bxf3 38.
Rxf3 Rd2+ 39. Qxd2 Qxd2+ $11) 36... Nxg4+ 37. Ke1 Rh8 $16) 36. Kg3 Qd5 {
[%cal Gd5g2,Gd8g8]} (36... Qxb4 37. Rxb4 Rg8 38. Ng5 $18) 37. Bh7 $1 $18 {
[%csl Gg8] Nice move quickly finished game to white's favour.} Qd1 (37... Qd7
38. Rd3 Bd5 39. Kxg4 f5+ 40. Kh3 Qxh7 41. c4 Qh5 42. cxd5 Qg4+ 43. Kh2 Rg8 44.
Qd2 $1 $18) 38. Kxg4 Rd2 (38... Rh8 39. Qd6+ $1 Qxd6 40. exd6 Rxh7 41. Ne5 $18)
39. Kg5 $1 Bxf3 40. Bd3 {[%csl Rb8,Gg5][%cal Rb4d6]} Rg2+ 41. Kf6 a6 42. Rb1 (
42. Rb1 Qd2 43. Qxd2 Rxd2 44. Kxf7) 1-0

[Event "Japfa Classic"]
[Site "Bali"]
[Date "2000.04.22"]
[Round "1"]
[White "Zaw, Win Lay"]
[Black "Khalifman, Alexander"]
[Result "0-1"]
[WhiteElo "2633"]
[BlackElo "2656"]
[Annotator "Ftacnik,L"]
[PlyCount "42"]
[EventDate "2000.04.22"]
[EventType "tourn"]
[EventRounds "9"]
[EventCountry "INA"]
[EventCategory "16"]
[SourceTitle "CBM 077"]
[Source "ChessBase"]
[SourceDate "2000.07.27"]
[SourceVersion "1"]
[SourceVersionDate "2000.07.27"]
[SourceQuality "1"]

1. e4 e6 2. d4 d5 3. Nd2 c5 4. exd5 Qxd5 5. Ngf3 cxd4 6. Bc4 Qd6 7. O-O Nf6 8.
Nb3 Nc6 9. Nbxd4 Nxd4 10. Nxd4 a6 11. Re1 Qc7 12. Bb3 Bd6 13. Nf5 Bxh2+ 14. Kh1
O-O 15. Nxg7 Rd8 16. Qf3 Kxg7 17. Bh6+ Kg6 18. Rad1 (18. c3) (18. c4) 18...
Rxd1 19. Rxd1 e5 $5 $146 {[%mdl 8] White must have been shocked to realize,
that he will have played the game of one move. Khalifman's opening novelty is
so strong, that the whole variation 15.Nxg7 will probably be put to rest by
white players.} (19... Bd7 20. Rd4 Qe5 21. Be3 Bc6 22. Rg4+ Nxg4 23. Qxg4+ Kf6
24. Qh4+ Kg7 25. Bd4 Kg8 26. Bxe5 Bxe5 27. c3 {1-0 Korneev,O-Vakhidov,T/Ubeda/
1997/ (36)}) (19... Be5 $142 20. Qe3 Ne4 $1 $13) (19... Qe5 20. Be3 Qh5 21.
Qxh5+ Kxh5 22. Kxh2 Ng4+ 23. Kg3 Nxe3 24. fxe3 {1-0 Ponomariov,R-Sadvakasov,D/
Lausanne/1999/ (54)}) 20. Kxh2 (20. c3 Ng4 21. Bf8 e4 22. Qe2 Bf5 $19) 20...
Ng4+ 21. Kg1 Kxh6 (21... Nxh6 22. Qg3+ Bg4 23. f3 Rd8 $17) (21... Kxh6 22. Qxf7
Qxf7 23. Bxf7 Bf5 24. Rd6+ Kg5 $19) 0-1